00199nam a2200073Ia 4500008004100000082001500041100001600056245005300072240331s9999 xx 000 0 und d a303.6bMIS aMisra, S.S. 0aEthnic conflict and security crisis in Sri Lanka